Electronic materials / (Record no. 6662)

MARC details
000 -LEADER
fixed length control field 01021cam a2200277 a 4500
001 - CONTROL NUMBER
control field 3413644
003 - CONTROL NUMBER IDENTIFIER
control field OSt
005 - DATE AND TIME OF LATEST TRANSACTION
control field 20200224113542.0
008 - FIXED-LENGTH DATA ELEMENTS--GENERAL INFORMATION
fixed length control field 900507s1990 enka b 001 0 eng
010 ## - LIBRARY OF CONGRESS CONTROL NUMBER
LC control number 90002046
020 ## - INTERNATIONAL STANDARD BOOK NUMBER
International Standard Book Number 0408028408 :
Terms of availability £17.50
040 ## - CATALOGING SOURCE
Original cataloging agency DLC
Transcribing agency DLC
Modifying agency DLC
082 00 - DEWEY DECIMAL CLASSIFICATION NUMBER
Classification number 620.1
Edition number 20
Item number ELE 1990
245 00 - TITLE STATEMENT
Title Electronic materials /
Statement of responsibility, etc. edited by Nicholas Braithwaite and Graham Weaver.
260 ## - PUBLICATION, DISTRIBUTION, ETC. (IMPRINT)
Place of publication, distribution, etc. Milton Keynes, England :
Name of publisher, distributor, etc. Open University ;
Place of publication, distribution, etc. London ;
-- Boston :
Name of publisher, distributor, etc. Butterworth,
Date of publication, distribution, etc. 1990.
300 ## - PHYSICAL DESCRIPTION
Extent 336 p. :
Other physical details col.ill ;
Dimensions 25 cm.
440 #0 - SERIES STATEMENT/ADDED ENTRY--TITLE
Title Materials in action series
9 (RLIN) 13706
500 ## - GENERAL NOTE
General note "This text forms part of an Open University course"--T.p. verso.
504 ## - BIBLIOGRAPHY, ETC. NOTE
Bibliography, etc Includes bibliographical references and indexes.
650 #0 - SUBJECT ADDED ENTRY--TOPICAL TERM
Topical term or geographic name as entry element Electronics
General subdivision Materials.
9 (RLIN) 8103
700 1# - ADDED ENTRY--PERSONAL NAME
Personal name Braithwaite, Nicholas
Fuller form of name (Nicholas St. J.)
9 (RLIN) 13707
700 1# - ADDED ENTRY--PERSONAL NAME
Personal name Weaver, Graham
Fuller form of name (Graham H.)
9 (RLIN) 13708
710 2# - ADDED ENTRY--CORPORATE NAME
Corporate name or jurisdiction name as entry element Open University.
9 (RLIN) 2170
906 ## - LOCAL DATA ELEMENT F, LDF (RLIN)
a 7
b cbc
c orignew
d 1
e ocip
f 19
g y-gencatlg
942 ## - ADDED ENTRY ELEMENTS (KOHA)
Source of classification or shelving scheme Dewey Decimal Classification
Koha item type Open Shelf
Holdings
Withdrawn status Lost status Source of classification or shelving scheme Damaged status Not for loan Home library Current library Date acquired Source of acquisition Inventory number Total Checkouts Full call number Barcode Date last seen Price effective from Koha item type
    Dewey Decimal Classification     MUST Main Library MUST Main Library 24/02/2020 Purchase 2001/15520   620.1 ELE 1990 2020-0562 24/02/2020 24/02/2020 Open Shelf